[Event "Foment Martinenc op-C 16th"]
[Site "Barcelona"]
[Date "2014.06.07"]
[Round "7"]
[White "Alvarez Llorente, Jose Maria"]
[Black "Alvarez Albiol, Daniel"]
[Result "1/2-1/2"]
[WhiteElo "1700"]
[BlackElo "1789"]
[PlyCount "104"]
[EventDate "2014.04.26"]
[EventType "swiss"]
[EventRounds "9"]
[EventCountry "ESP"]
[SourceTitle "EXT 2015"]
[Source "ChessBase"]
[SourceDate "2014.11.20"]
[SourceVersion "1"]
[SourceVersionDate "2014.11.20"]
[SourceQuality "1"]

1. e4 c5 2. d4 cxd4 3. Qxd4 Nc6 4. Qa4 g6 5. Nf3 Bg7 6. c3 Nf6 7. Bd3 0-0 8. 0-0 e6 9. Bg5 d6 10. Nbd2 Bd7 11. Qb3 Qb6 12. Rfe1 Rfe8 13. Qxb6 axb6 14. Nc4 d5 15. Bxf6 Bxf6 16. exd5 exd5 17. Nxb6 Rad8 18. Nxd7 Rxe1+ 19. Rxe1 Rxd7 20. Bb5 h5 21. Nd4 Rc7 22. h3 Nxd4 23. cxd4 Bxd4 24. Rd1 Bxb2 25. Rxd5 Rc1+ 26. Kh2 Rc2 27. f3 Bc1 28. a4 Bf4+ 29. Kg1 Rc1+ 30. Kf2 Rc2+ 31. Kg1 Kg7 32. Rd7 b6 33. Kf1 Rc1+ 34. Kf2 Rc2+ 35. Be2 Bg3+ 36. Kxg3 Rxe2 37. Rb7 Ra2 38. Rxb6 Rxa4 39. f4 h4+ 40. Kxh4 Rxf4+ 41. g4 f5 42. Rb7+ Kf6 43. Kg3 Rd4 44. Rb6+ Kg7 45. gxf5 gxf5 46. h4 f4+ 47. Kf3 Kh7 48. h5 Rd5 49. h6 Rh5 50. Rb7+ Kg6 51. h7 Rxh7 52. Rxh7 Kxh7 1/2-1/2